Normal view
MARC view
Entry Personal Name
001 - CONTROL NUMBER
- control field: 33204
003 - CONTROL NUMBER IDENTIFIER
- control field: ARRUPE
005 - DATE AND TIME OF LATEST TRANSACTION
- control field: 20170718125046.0
008 - FIXED-LENGTH DATA ELEMENTS
- fixed length control field: 170718|| aca||aabn | a|a d
040 ## - CATALOGING SOURCE
- Original cataloging agency: ARRUPE
- Transcribing agency: ARRUPE
100 ## - HEADING--PERSONAL NAME
- Personal name: Besterman, Theodore,
- Dates associated with a name: 1904-1976
- Form subdivision: Bibliography.
670 ## - SOURCE DATA FOUND
- Source citation: Work cat.: (ARRUPE)39522: The Age of the enlightenment:, 1967.